| 000 | 00701nam a22002057a 4500 | ||
|---|---|---|---|
| 003 | 0 | ||
| 005 | 20251117132350.0 | ||
| 008 | 251117b xxu||||| |||| 00| 0 eng d | ||
| 020 | _a0-307-44008-7 | ||
| 050 |
_aHQ 734.C8658 _b.C68 1997 |
||
| 100 |
_aCovey, Stephen R., _eauthor. |
||
| 245 |
_aThe 7 habits of highly effective families : _bbuilding a beautiful family culture in a turbulent world / _cStephen R. Covey. |
||
| 260 |
_aNew York, NY : _bGolden Books, _c1997. |
||
| 300 |
_a390 pages : _billustration ; _c25 cm. |
||
| 504 | _aIncludes bibliographical references and index. | ||
| 650 | _aFamily. | ||
| 650 | _aCommunication in the family. | ||
| 650 | _aParent and child. | ||
| 942 |
_2lcc _cBK |
||
| 999 |
_c368668 _d368668 |
||